Digital compression of still images and video;SIGNALPROCESSING AND ITS APPLICATIONS (Record no. 566574)

000 -LEADER
fixed length control field 01211cam a2200337 a 4500
001 - CONTROL NUMBER
control field 3059151
003 - CONTROL NUMBER IDENTIFIER
control field CEME
005 - DATE AND TIME OF LATEST TRANSACTION
control field 20210628201618.0
008 - FIXED-LENGTH DATA ELEMENTS--GENERAL INFORMATION
fixed length control field 960404s1995 enka b 001 0 eng d
010 ## - LIBRARY OF CONGRESS CONTROL NUMBER
LC control number 96133907
015 ## - NATIONAL BIBLIOGRAPHY NUMBER
National bibliography number GB95-75990
020 ## - INTERNATIONAL STANDARD BOOK NUMBER
International Standard Book Number 012175720X
035 ## - SYSTEM CONTROL NUMBER
System control number (OCoLC)32901735
040 ## - CATALOGING SOURCE
Original cataloging agency NcRS
Transcribing agency NcRS
Modifying agency IU
-- PPiU
-- Uk
-- DLC
042 ## - AUTHENTICATION CODE
Authentication code lccopycat
050 04 - LIBRARY OF CONGRESS CALL NUMBER
Classification number TK6680.5
Item number .C57 1995
100 1# - MAIN ENTRY--PERSONAL NAME
Personal name Clarke, R. J.
9 (RLIN) 56006
245 10 - TITLE STATEMENT
Title Digital compression of still images and video;SIGNALPROCESSING AND ITS APPLICATIONS
Statement of responsibility, etc. R.J. Clarke.
260 ## - PUBLICATION, DISTRIBUTION, ETC.
Place of publication, distribution, etc. London ;
-- New York :
Name of publisher, distributor, etc. Academic Press,
Date of publication, distribution, etc. c1995.
300 ## - PHYSICAL DESCRIPTION
Extent xx, 453 p. :
Other physical details ill. (some col.) ;
Dimensions 24 cm.
440 #0 - SERIES STATEMENT/ADDED ENTRY--TITLE
Title Signal processing and its applications
9 (RLIN) 56007
504 ## - BIBLIOGRAPHY, ETC. NOTE
Bibliography, etc. note Includes bibliographical references (p. [411]-447) and index.
650 #0 - SUBJECT ADDED ENTRY--TOPICAL TERM
Topical term or geographic name entry element Digital video.
9 (RLIN) 55774
650 #0 - SUBJECT ADDED ENTRY--TOPICAL TERM
Topical term or geographic name entry element Coding theory.
9 (RLIN) 3106
650 #0 - SUBJECT ADDED ENTRY--TOPICAL TERM
Topical term or geographic name entry element Video compression.
9 (RLIN) 56008
650 #0 - SUBJECT ADDED ENTRY--TOPICAL TERM
Topical term or geographic name entry element Image compression.
9 (RLIN) 56009
653 0# - INDEX TERM--UNCONTROLLED
Uncontrolled term Image processing
856 42 - ELECTRONIC LOCATION AND ACCESS
Materials specified Publisher description
Uniform Resource Identifier <a href="http://www.loc.gov/catdir/description/els032/96133907.html">http://www.loc.gov/catdir/description/els032/96133907.html</a>
856 41 - ELECTRONIC LOCATION AND ACCESS
Materials specified Table of contents
Uniform Resource Identifier <a href="http://www.loc.gov/catdir/toc/els032/96133907.html">http://www.loc.gov/catdir/toc/els032/96133907.html</a>
942 ## - ADDED ENTRY ELEMENTS (KOHA)
Source of classification or shelving scheme
Koha item type Book
Holdings
Withdrawn status Lost status Source of classification or shelving scheme Damaged status Not for loan Permanent Location Current Location Shelving location Date acquired Total Checkouts Full call number Barcode Date last seen Price effective from Koha item type
          College of Electrical & Mechanical Engineering (CEME) College of Electrical & Mechanical Engineering (CEME) General Stacks 03/25/2017   621.388 CLA CEME-41070 06/28/2021 06/28/2021 Book
          College of Electrical & Mechanical Engineering (CEME) College of Electrical & Mechanical Engineering (CEME) General Stacks 03/25/2017   621.388 CLA CEME-41071 06/28/2021 06/28/2021 Book
© 2023 Central Library, National University of Sciences and Technology. All Rights Reserved.